00481nam a2200121Ia 4500008004100000245004700041245008000088260000900168650003200177856005800209999001900267952007300286171204s9999 xx 000 0 und d aConcise Review Of Veterinary Microbiology: cB. K. Markey, E. S. FitzPatrick, F. C. Leonard, P. J. Quinn, and S. Fanning c2015 xMicrobiology & Parasitology uhttp://down.ebook777.com/022/ConRevOfVetMic2ndEdi.pdf c346384d346384 001040aCLbCLd2017-12-04l0r2017-12-04 00:00:00w2017-12-04yCBE